[Event "VIE-chT"]
[Site "Hanoi"]
[Date "2023.04.22"]
[Round "7"]
[White "Hoang, Anh Kiet"]
[Black "Nguyen, Tran Huy Khanh"]
[Result "1-0"]
[WhiteElo "1956"]
[BlackElo "1984"]
[PlyCount "61"]
[EventDate "2023.04.18"]
[EventType "swiss"]
[EventRounds "9"]
[EventCountry "VIE"]
[SourceTitle "EXT 2024"]
[Source "ChessBase"]
[SourceDate "2023.10.10"]
[SourceVersion "1"]
[SourceVersionDate "2023.10.10"]
[SourceQuality "1"]

1. d4 d5 2. c4 c6 3. e3 Nf6 4. Nc3 e6 5. Nf3 Nbd7 6. Be2 Bd6 7. 0-0 0-0 8. b3 Qe7 9. Bb2 b6 10. Rc1 Bb7 11. Qc2 Rac8 12. Rfd1 c5 13. Qd2 Rfd8 14. h3 Bb8 15. Qe1 Nf8 16. Bd3 dxc4 17. Bxc4 Bxf3 18. gxf3 cxd4 19. exd4 Ng6 20. Ne4 Nxe4 21. fxe4 Nh4 22. Qe3 Qb7 23. d5 exd5 24. Bxd5 Rxc1 25. Qxc1 Qe7 26. Bxf7+ Kxf7 27. Qc4+ Kg6 28. Rxd8 Qxd8 29. Qe6+ Kh5 30. Qg4+ Kh6 31. Bxg7# 1-0